Movie by Quote: Famous Actors II Quiz Stats

 Plays Quiz Updated Nov 24, 2015

Challenge
Share
Tweet
Embed
Score 0/27 Timer 06:00
0 Plays Today
Hint Answer % Correct
Will SmithMen in Black
86.6%
Adam SandlerThe Waterboy
80.4%
Will FerrellElf
80%
Will SmithThe Pursuit of Happyness
78%
Bill MurrayGhostbusters
76.1%
Clint EastwoodDirty Harry
74.6%
Bill MurrayCaddyshack
70.9%
Adam SandlerHappy Gilmore
70.4%
Will FerrellAnchorman
70.3%
Clint EastwoodGran Torino
65.4%
Will SmithIndependence Day
62.7%
Adam SandlerBilly Madison
61.9%
Alan RickmanHarry Potter and the Deathly Hallows: Part 2
61.4%
Alan RickmanDie Hard
60.6%
Hint Answer % Correct
Christian BaleAmerican Psycho
58%
Bill MurrayGroundhog Day
57.5%
Christian BaleBatman Begins
57.3%
Will FerrellWedding Crashers
47.2%
Denzel WashingtonRemember the Titans
46.9%
Nicolas CageCon Air
44.5%
Christian BaleThe Prestige
43.2%
Clint EastwoodThe Good, the Bad and the Ugly
41%
Nicolas CageLeaving Las Vegas
40.6%
Nicolas CageThe Wicker Man
33.1%
Alan RickmanRobin Hood: Prince of Thieves
31.9%
Denzel WashingtonMalcolm X
31.8%
Denzel WashingtonMan on Fire
21.6%

You're not logged in!

Compare scores with friends on all Sporcle quizzes.
Join for Free
OR
Log In

You Might Also Like...

Show Comments

Extras

Top Quizzes Today


Score Distribution

Your Account Isn't Verified!

In order to create a playlist on Sporcle, you need to verify the email address you used during registration. Go to your Sporcle Settings to finish the process.

Report this User

Report this user for behavior that violates our Community Guidelines.

Details: